| 000 | 00927nac a22002531u 4500 | ||
|---|---|---|---|
| 090 | _c10294 | ||
| 008 | 081116t2008 xxu||||| |||| 00| 0 eng d | ||
| 020 | _a9780136128274 (pbk.) | ||
| 020 | _a0136128270(pbk.) | ||
| 020 | _a0136128351 (CD- Rom) | ||
| 020 | _a9780136128359 (CD- Rom) | ||
| 082 |
_a657.45 _bARE |
||
| 100 |
_aArens, Alvin A. _91181 |
||
| 245 |
_aAuditing And Assurance Services : _bAn Integrated Approach / _cAlvin A. Arens, Randal J. Elder, Mark S. Beasley with Web content provided by J. Gregory Jenkins. |
||
| 250 | _a12th ed. | ||
| 260 |
_aUpper Saddle River, N.J. : _bPearson Education International/ Prentice Hall, _cc2008. |
||
| 260 | _bDistributer :Bacca | ||
| 300 |
_axvii, 872 p. : _bill. ; _c28 cm. + _e1 CD-ROM (4 3/4 in.) |
||
| 500 | _aIncludes index. | ||
| 650 |
_aAuditing. _91182 |
||
| 700 | 0 | 1 |
_aElder, Randal J. _91184 |
| 700 | 0 | 1 |
_aBeasley, Mark S. _91183 |
| 942 |
_cBB _k657.45ARE _2ddc |
||
| 999 |
_c10294 _d10294 |
||